American housing survey
Physical, economic, and demographic data from the national and the MSA (Metropolitan Statistical Areas) surveys of U.S. housing.
Saved in:
| Corporate Authors: | , |
|---|---|
| Format: | Serial |
| Language: | English |
| Published: |
Washington, DC :
U.S. Dept. of Commerce, Bureau of the Census, Data User Services Division,
|
| Subjects: | |
| Tags: |
Add Tag
No Tags, Be the first to tag this record!
|
| LEADER | 02014cas a2200373 a 4500 | ||
|---|---|---|---|
| 001 | 003677575-4 | ||
| 005 | 20110527134654.0 | ||
| 008 | 920930c19879999dcugr s f0 0eng d | ||
| 010 | |a sn 92032096 | ||
| 035 | 0 | |a ocm26705027 | |
| 040 | |a MYG |c MYG |d GPO |d HUL | ||
| 042 | |a lcd | ||
| 043 | |a n-us--- | ||
| 050 | 1 | 4 | |a HD7293.A1 |b A44 |
| 074 | |a 0156-P | ||
| 086 | 0 | |a C 3.215/19: | |
| 245 | 0 | 0 | |a American housing survey |h [computer file] / |c U.S. Department of Housing and Urban Development. |
| 246 | 1 | 3 | |a Current housing reports. |p Supplement to the American housing survey for the United States in ... |
| 260 | |a Washington, DC : |b U.S. Dept. of Commerce, Bureau of the Census, Data User Services Division, | ||
| 300 | |a computer laser optical disks ; |c 4 3/4 in. | ||
| 310 | |a Biennial | ||
| 362 | 1 | |a Began with: 1985, 1987 national core tables and microdata, 1984, 1985, 1986, 1987 MSA's core microdata. | |
| 500 | |a System requirements: Computer system capable of using CD-ROM drive; 640K; if IBM compatible personal computer, requires CD-ROM software, such as Microsoft CD-ROM Extensions (version 3.1 or higher); CD-ROM drive and hard disk. | ||
| 500 | |a Disk characteristics: CD-ROM. | ||
| 500 | |a Retrieval software for some, but not all, files included on disks. | ||
| 500 | |a Written in ISO 9660 format. | ||
| 500 | |a Description based on: 1985N (national) core & suppl. tables & microdata, 1987N core tables & core & suppl. microdata, 1989N core tables, microdata, unpublished tables, 1988, 1989 MSA's core microdata; title from disk label. | ||
| 520 | |a Physical, economic, and demographic data from the national and the MSA (Metropolitan Statistical Areas) surveys of U.S. housing. | ||
| 650 | 0 | |a Housing surveys |z United States |x Databases. | |
| 650 | 0 | |a Housing |z United States |x Statistics |x Databases. | |
| 710 | 1 | |a United States. |b Department of Housing and Urban Development. | |
| 710 | 1 | |a United States. |b Bureau of the Census. |b Data User Services Division. | |
| 988 | |a 20020608 | ||
| 906 | |0 OCLC | ||


